| 000 | 00000nam##2200000za#4500 |
| 001 | 9.700115 |
| 003 | CaOODSP |
| 005 | 20210927150513 |
| 007 | cr ||||||||||| |
| 008 | 150407|2008||||xxc|||||o f|0| 0 eng|d |
| 040 | |aCaOODSP|beng |
| 043 | |an-cn--- |
| 086 | 1 |aR5-24/2008E-PDF |
| 110 | 1 |aCanada. |bIndian and Northern Affairs Canada. |
| 245 | 10|aEvaluation of the Federal Interlocutor's Contribution Program and Powley : management of Métis Aboriginal rights : |h[electronic resource]|bfinal report / |c[issued by the] Evaluation, Performance Measurement, and Review Branch. |
| 260 | |aOttawa - Ontario : |bIndian and Northern Affairs |cFebruary 25, 2008. |
| 300 | |a37p.|btables |
| 590 | |a15-02-Supp|b2015-02-16 |
| 690 | 07|aIndigenous rights|2gcpds |
| 690 | 07|aFederal programs|2gcpds |
| 775 | 08|tÉvaluation du Programme de contribution de l'interlocuteur fédéral et de l'initiative Powley : gestion des droits autochtones des Métis : |w(CaOODSP)9.644079 |
| 856 | 40|ahttp://publications.gc.ca|qPDF|s148 KB|uhttps://publications.gc.ca/collections/collection_2014/aadnc-aandc/R5-24-2008-eng.pdf |
| 986 | |aCIDM #1256072 |